| 000 | 00475nam a2200181Ia 4500 | ||
|---|---|---|---|
| 005 | 20250326141615.0 | ||
| 008 | 250326s9999 xx 000 0 und d | ||
| 037 | _aTextbook | ||
| 040 |
_aFMSL _beng _cFMSL |
||
| 041 |
_aeng _2eng |
||
| 084 | _qFMSL | ||
| 100 | _aYasaswy N J | ||
| 245 | 0 |
_aFice and profits : the handbook managers _cYasaswy N J |
|
| 260 |
_aNew Delhi _bNew Delhi, Vision Books _c1991 |
||
| 300 | _a452p | ||
| 942 | _cTB | ||
| 999 |
_c1291120 _d1291120 |
||